Úloha a význam fenoménu Corporate Identity vo vybranej medzinárodnej firme bakalárska práca

Uložené v:
Podrobná bibliografia
Hlavný autor: Pleváková, Iveta
Korporativný autor: Obchodná fakulta EU. Katedra medzinárodného obchodu
Ďalší autori: Šimorová, Lenka
Médium: Kniha
Jazyk:Slovak
Vydavateľské údaje: Bratislava 2013
Tagy: Pridať tag
Žiadne tagy, Buďte prvý, kto otaguje tento záznam!

MARC

LEADER 00000nbm a2200000 4500
001 0171118
005 20161109112017.2
041 0 |a slo 
044 |a SK 
245 1 0 |a Úloha a význam fenoménu Corporate Identity vo vybranej medzinárodnej firme  |b bakalárska práca  |c Iveta Pleváková ; školiteľ: Lenka Šimorová 
264 1 |a Bratislava  |c 2013 
300 |a 50 s. 
100 1 |a Pleváková, Iveta 
700 1 |a Šimorová, Lenka 
710 2 |a Obchodná fakulta EU. Katedra medzinárodného obchodu